ՀՀ Գիտությունների ազգային ակադեմիայի հիմնարար գիտական գրադարան  =   Fundamental Scientific Library of NAS RA

Նկարիչներ՝ Ս. Արուտչյանի, Ա. Չիլինգարյանի ցուցահանդեսի կատալոգ / (Record no. 147809)

MARC details
000 -LEADER
fixed length control field 01162nam a2200241 a 4500
003 - CONTROL NUMBER IDENTIFIER
control field AM-YeHGA
005 - DATE AND TIME OF LATEST TRANSACTION
control field 20250618072331.0
008 - FIXED-LENGTH DATA ELEMENTS--GENERAL INFORMATION
fixed length control field 041129s1944 ai 000 | arm d
040 ## - CATALOGING SOURCE
Original cataloging agency AM-YeHGA
041 1# - LANGUAGE CODE
Language code of text/sound track or separate title arm
-- rus
090 ## - LOCALLY ASSIGNED LC-TYPE CALL NUMBER (OCLC); LOCAL CALL NUMBER (RLIN)
-- 149196
245 00 - TITLE STATEMENT
Title Նկարիչներ՝ Ս. Արուտչյանի, Ա. Չիլինգարյանի ցուցահանդեսի կատալոգ /
Statement of responsibility, etc. Առաջաբ.՝ Ա. Սարգսյան; Թարգմ. ռուս.՝ Է. Խոճիկ.
246 11 - VARYING FORM OF TITLE
Title proper/short title Выставка работ художников Сергея Арутчьяна, Армена Чилингаряна
260 ## - PUBLICATION, DISTRIBUTION, ETC.
Place of publication, distribution, etc. Երևան :
Name of publisher, distributor, etc. Հայպետհրատ,
Date of publication, distribution, etc. 1944.
300 ## - PHYSICAL DESCRIPTION
Extent 28 էջ :
Other physical details նկ. ;
Dimensions 15 սմ.
546 ## - LANGUAGE NOTE
Language note Տեքստը զուգ.՝ հայ. և ռուս.
650 14 - SUBJECT ADDED ENTRY--TOPICAL TERM
Topical term or geographic name entry element Նկարչություն
General subdivision Կատալոգ
700 1# - ADDED ENTRY--PERSONAL NAME
Personal name Արուտչյան, Սերգեյ Ավետի,
Dates associated with a name 1912-1986
9 (RLIN) 1079
700 1# - ADDED ENTRY--PERSONAL NAME
Personal name Չիլինգարյան, Արմեն
700 1# - ADDED ENTRY--PERSONAL NAME
Personal name Սարգսյան, Արա Միհրանի,
Dates associated with a name 1902-1969
Relator term առաջաբ.
Relationship aui
9 (RLIN) 1052
856 4# - ELECTRONIC LOCATION AND ACCESS
Uniform Resource Identifier <a href="https://arar.sci.am/dlibra/publication/345988/edition/318724/content">https://arar.sci.am/dlibra/publication/345988/edition/318724/content</a>
Link text Կարդալ առցանց
942 ## - ADDED ENTRY ELEMENTS (KOHA)
Source of classification or shelving scheme Universal Decimal Classification
Koha item type Գրքեր / Books
Holdings
Withdrawn status Lost status Damaged status Not for loan Collection Home library Current library Date acquired Total checkouts Full call number Barcode Date last seen Price effective from Koha item type Public note
        General Fundamental Scientific Library Fundamental Scientific Library 28/12/2016   AI/2925 FL0036954 28/12/2016 28/12/2016 Գրքեր / Books 30 Days Loan


ՀՀ ԳԱԱ հիմնարար գիտական գրադարան
ՀՀ,Երևան 0019
Մարշալ Բաղրամյան 24/6
հեռախոս:(374-10) 52-47-50
Հետադարձ կապ

All site content, except where otherwise noted, is licensed under a
Creative Commons License